Cryptides les plus connus par images - Statistiques

Statistiques générales
  • Ce quiz a été pris 75 fois
    29 depuis la dernière actualisation
  • Le résultat moyen est 6 sur 12
Statistiques - réponses
Par images Réponse % Correct
Yéti
100%
Nessie
91%
Bigfoot
78%
Chupacabra
74%
La bête du Gévaudan
61%
Dahu
57%
Wendigo
57%
Le Tarasque
35%
Wolpertinger
22%
Ahool
17%
Goatman
17%
L'Ankou
0%
Aucun quiz correspondant
Distribution des résultats
% des personnes avec chaque résultat
Percentile par nombre de réponses
Votre historique - résultats
Vous n’avez pas pris ce quiz depuis la dernière actualisation